Clikipedia: Movies Quiz Stats

Quiz Updated Nov 4, 2015

Challenge
Share
Tweet
Embed
Score 0/40 Timer 08:00
0 Plays Today
% Correct
Star Wars
91.4%
The Matrix
88.1%
Scream
85.9%
Dumb and Dumber
84.9%
The Silence of the Lambs
84.7%
Gremlins
84.5%
I Am Legend
83.7%
The Shining
83%
The Sound of Music
80.8%
Men in Black
80.8%
A Christmas Story
80.7%
WALL-E
80.1%
There's Something About Mary
80.1%
It's a Wonderful Life
79%
Animal House
78.2%
A Nightmare on Elm Street
78.1%
The Nightmare Before Christmas
75.7%
The Graduate
75.7%
One Flew Over the Cuckoo's Nest
75.4%
Cast Away
73.9%
% Correct
The Terminator
71.7%
District 9
69.6%
A Clockwork Orange
68%
Raging Bull
64%
Taxi Driver
63.6%
Mary Poppins
60.7%
The Usual Suspects
60.4%
Roxanne
56.4%
The Maltese Falcon
55%
The Gods Must Be Crazy
53.3%
Singin' in the Rain
48.1%
Sleeper
47.4%
Cool Hand Luke
45%
A Fish Called Wanda
44.5%
Psycho
37.1%
North by Northwest
35.8%
Raising Arizona
35.3%
Duck Soup
34.5%
Pink Flamingos
33.3%
Being John Malkovich
33.2%

You're not logged in!

Compare scores with friends on all Sporcle quizzes.
Sign Up with Email
OR
Log In

You Might Also Like...

Show Comments

Extras

Top Quizzes Today


Score Distribution

Your Account Isn't Verified!

In order to create a playlist on Sporcle, you need to verify the email address you used during registration. Go to your Sporcle Settings to finish the process.